| 000 | 00472nam a22001937a 4500 | ||
|---|---|---|---|
| 003 | MPLRDC | ||
| 005 | 20220104125504.0 | ||
| 008 | 210129b ||||| |||| 00| 0 eng d | ||
| 020 | _a7-301-09175-3 | ||
| 082 | _a487.9 ZZG | ||
| 100 | _a张治过 | ||
| 245 |
_a蒙牛内幕 _c |
||
| 250 | _a三版 | ||
| 260 |
_a中国 _b北京大学出版社 _c2006 |
||
| 300 | _b338 | ||
| 490 | _a时代光华培训大系 | ||
| 650 | _a其他制造品业 | ||
| 942 |
_cBK _o487.9 ZZG |
||
| 999 |
_c27767 _d27757 |
||